Estadísticas para Países con el Mayor Número de Inmigrantes

Haz click aquí para intentar la prueba.

Estadísticas generales

  • Esta prueba ha sido intentada 1.543 veces
  • La puntuación promedio es 19 de 30

Estadísticas de respuestas

#%País% Correcto
46 M14%Estados Unidos
99%
6.4 M14%España
98%
7.2 M11%Francia
97%
9.8 M12%Alemania
94%
7.3 M21%Canadá
93%
4.8 M8.0%Italia
92%
7.0 M11%Reino Unido
91%
11 M7.7%Rusia
91%
6.5 M28%Australia
84%
5.3 M0.4%India
79%
2.3 M29%Suiza
66%
9.1 M31%Arabia Saudita
64%
7.8 M84%Emiratos Árabes
Unidos
63%
24 k64%Mónaco
61%
1.6 M74%Catar
60%
799100%Vaticano
60%
45 k57%Andorra
56%
230 k43%Luxemburgo
55%
12 k33%Liechtenstein
52%
2.3 M43%Singapur
52%
730 k55%Baréin
48%
2.9 M70%Kuwait
47%
4.1 M2.2%Pakistán
45%
3.7 M5.6%Tailandia
45%
5.2 M11%Ucrania
41%
1.1 M31%Omán
40%
210 k49%Brunéi
34%
2.9 M40%Jordania
31%
3.5 M21%Kazajistán
22%
29 k32%Antigua y Barbuda
9%

Distribución de puntuación

Porcentaje por número respondido

Porcentaje de gente con cada puntuación

Historial de tus puntuaciones

No has intentado esta prueba.